02070cam a22004575a 4500999001700000001001300017003000900030005001700039008004100056020002500097035002400122035002100146040004900167041001300216043001200229082002200241111007900263240007500342245024600417246005100663246008200714250001900796264005200815300004000867336002600907337002800933338002700961546006900988650004501057651004401102651003901146651005801185651005601243653001801299655001701317700003301334700002201367710008701389942001201476952012401488 c27469d27440ocn884423190EG-ScBUE20200128124328.0140723s2013 cc a f 100 0 eng d a9787508526850 (pbk.) a(OCoLC)ocn884423190 a(OCoLC)884423190 aSINLBbengerdacSINLBdOCLCOdYUSdEG-ScBUE1 aenghchi aa-cc---04a951.0072bCHI2222 aWorld Forum on China Studiesn(5nd :d2013 :cShanghai zhan lan zhong xin)10a中国道路与前景 : 第五届世界中国学论坛实录.lEnglish10aChina's road and prospect :brecord of the 5th World Forum on China Studies = Zhongguo dao lu yu qian jing : di wu jie shi jie Zhongguo xue lun tan shi lu /cedited by the Institute of China Studies, SASS ; translated by Pan Zhongming & Ego.30aRecord of the 5th World Forum on China Studies31aZhongguo dao lu yu qian jing :bdi wu jie shi jie Zhongguo xue lun tan shi lu 6First edition. 1aBeijing :bChina Intercontinental Press,c2013. a387 pages :billustrations ;c27 cm 2rdacontentatextbtxt 2rdamediaaunmediatedbn 2rdacarrieravolumebnc aText in English ; translated from the original Chinese language. 7aGlobalizationzChinavCongresses.2BUEsh 7aChinaxCivilizationvCongresses.2BUEsh 7aChinaxHistoryvCongresses.2BUEsh 7aChinaxEconomic conditionsy2000-vCongresses.2BUEsh 7aChinaxSocial conditionsy2000-vCongresses.2BUEsh bGGENcMay2019 vReading book1 aPan, Zhongming,etranslator.0 aEgo,etranslator.2 aShanghai academy of social sciences.bWorld institute of chinese studies,eeditor. 2ddccBB 00102ddc40708Donation-GaMAINbMAINc0THd2019-05-21eDonationl0o951.0072 CHIp000047843r2025-07-15 00:00:00yBB